Normal view
MARC view
- الوقف - منتديات - الكويت - البوسنة والهرسك
Entry Topical Term
001 - CONTROL NUMBER
- control field: 50863
003 - CONTROL NUMBER IDENTIFIER
- control field: JO-AjAnu
005 - DATE AND TIME OF LATEST TRANSACTION
- control field: 20230606082354.0
008 - FIXED-LENGTH DATA ELEMENTS
- fixed length control field: 230606|| aca||aabn | a|a d
040 ## - CATALOGING SOURCE
- Original cataloging agency: JO-AjAnu
- Transcribing agency: JO-AjAnu
150 ## - HEADING--TOPICAL TERM
- Topical term or geographic name entry element: الوقف - منتديات - الكويت - البوسنة والهرسك
670 ## - SOURCE DATA FOUND
- Source citation: Work cat.: (JO-AjAnu)25999: منتدى قضايا الوقف الفقهية السابع، 2015 (دولة الكويت :الامانة العامة للأوقاف), author 50862, منتدى قضايا الوقف الفقهية السابع: قضايا مستجدة وتأصيل شرعي: الأبحاث العلمية في الموضوع الثالث للمنتدى: تأصيل ريع الوقف 9-11 شعبان 1436هجري/ 27-29 مايو 2015 سرايفو - البوسنه والهرسك الذي نظمتة الامانة العامة للأوقاف - دولة الكويت